| 000 | 00674nam a22002177a 4500 | ||
|---|---|---|---|
| 999 |
_c13675 _d13675 |
||
| 003 | AR-CdUCM | ||
| 008 | 190409b ||||| |||| 00| 0 spa d | ||
| 040 |
_aMUNICIPALIDAD PROVINCIAL DEL CUSCO _cBIBLIOTECA MUNICIPAL DEL CUSCO |
||
| 082 |
_aEP / 372.803 / _bV19 _23ra. |
||
| 100 |
_aValdelomar, Abraham _9928 |
||
| 245 | _aCuentos de Valdelomar / | ||
| 260 |
_aLima : _bUniverso., _c1973. |
||
| 300 |
_a222 páginas ; _c17 cm. |
||
| 500 | _aCuentos e historias | ||
| 505 | _aContenido: Cuentos de Valdelomar | ||
| 650 |
_aCuentos peruanos _97 |
||
| 650 |
_aLiteratura _9416 |
||
| 700 |
_aZubizarreta, Armando _96036 |
||
| 942 |
_2ddc _cLIBROS |
||
| 945 |
_apjha _d2019-04-15 |
||